000 00769ntm a2200217 i 4500
001 188672
003 SpMaBN
005 20240518063047.0
008 190121s1910 sp |||| | spa d
040 _cSpMaBN
110 2 _aAsociación Nacional del Magisterio Primario (España)
_9166028
245 1 0 _aLibro de actas de la Asociación Nacional del Magisterio Primario
_h[Manuscrito] :
_b1º mayo 1907 a 16 julio 1910.
260 _aMadrid :
_b[s.n.,
_c1910]
300 _a199 p. ;
_c32 cm.
594 _aEn lomo: Libro n. 2.
610 2 4 _aAsociación Nacional del Magisterio Primario (España)
_9166028
852 _aES-MaACL
_cDEPOF
_j1821-F-29
_xCartoné
942 _cMANUSCRITO
_n0
999 _c188672
_d188672